Places - 3 - Statistics

General Stats
  • This quiz has been taken 10 times
  • The average score is 5 of 16
Answer Stats
Picture Answer % Correct
Denmark
100%
Korea
88%
Crimea
75%
Baku
50%
Lake Victoria
38%
Hainan
25%
Houston
25%
Lake Chad
25%
Bahamas
13%
Bioko
13%
Edinburgh
13%
K'gari
13%
Lake Albert
13%
Maputo
13%
Sarygamysh Lake
13%
Westray
13%
No matching quizzes found
Score Distribution
Percent of People with Each Score
Percentile by Number Answered
Your Score History
You have not taken this quiz